000 02312cam a22006254i 4500
003 PE-LiUPU
005 20250731184511.0
008 061020s2006 sp r 000 0 spa d
020 _a8449317991
020 _a9788449317996
035 _a(Sirsi) i9788449317996
040 _aBNM
_erda
_bspa
_cBNM
_dESUCM
_dCKJAV
_dPE-LiUPU
041 1 _aspa
_hger
080 _a32(100)
080 _a327
080 _a327(73)"2001/..."
082 0 4 _a909.83
_bS29
_221
100 1 _aSchmidt, Helmut
_d1918- ,
_eautor.
245 1 4 _aLas grandes potencias del futuro
_b: ganadores y perdedores en el mundo del mañana
_cHelmut Schmidt ; [traducción de Ramón Ibero].
264 _aBarcelona :
_bPaidós Ibérica,
_c[2006]
300 _a167 páginas ;
_c24 centímetros.
336 _atext
_2rdacontent
337 _aunmediated
_2rdamedia
338 _avolume
_2rdacarrier
490 0 _aPaidós estado y sociedad
_v133
505 0 _aLo que podemos y lo que no podemos saber del futuro -- ¿Imperium americanum? -- El avance de las otras grqandes potencias -- Consideración final.
526 _aP136
526 _aP135
526 _aP134
526 _aP133
526 _aP144
526 _aP143
526 _aP87
526 _aP35
526 _aP20
526 _aP14
526 _aP10
526 _aP06
534 1 4 _pTítulo original :
_tDie Mächte der Zukunft.
650 7 _aPolítica mundial
_y1989-
650 7 _aPolítica mundial
_y1989-
_2embne
650 7 _aSeguridad internacional.
_2embne
650 0 4 _aImperialismo
_zEstados Unidos.
650 0 4 _aImperialismo.
650 0 4 _aRelaciones internacionales
_yS. XXI.
651 7 _aEstados Unidos
_xPolítica exterior
_y1989-
651 7 _aEstados Unidos
_xPolítica exterior
_y1989-
_2embne
910 _ajck
_bebj
_cebj
_d20160922
942 _2ddc
_cBOOK
949 _a909.83 S29
_wDEWEY
_c1
_i74633
_lCCODEBUL1
_mBUL
_p13.00
_r0
_sY
_tBOOK
_u2016-9-22
_xFCE
_PP04
_0COMPRA
_o.STAFF. Colección Ciencias Empresariales
994 _aC0
_bPEPRU
596 _a1
999 _a909.83 S29
_wDEWEY
_c12581
_i74633
_d12581
_e2018-10-15
_f2021-11-8
_g6
_lCCODEBUL1
_mBUL
_n1
_p13.00
_q3
_r0
_sY
_tBOOK
_u2016-9-22
_xBIBLIOTECA
_PP04
_0COMPRA
_o.STAFF. Colección Ciencias Empresariales
980 _81
_gALBERTO SANCHEZ Responsable de Automatización